MDQL
is popping MORE tags! Check the
thread
!
Quizzes
Events
Quiz Creation
Community
Videos
Private Events
Remove Ads
Sign In
Join for FREE
Feedback
Dark Mode
Quiz Categories
Sports
Geography
Music
Movies
Television
Just For Fun
Miscellaneous
History
Literature
Language
Science
Gaming
Entertainment
Religion
Holiday
For Kids
Quiz Lab
Recent
Popular Today
Quiz Kudos Today
Editor Picks
Curator Picks
Quizzes by...
Day
Popularity
Type
Ratings
Length
Year
Community
Subscriptions
Recent Discussions
Orange Saloon
Badges
Playlists
Quests
Create
Leaderboards
Showdown
Live 5
Trivia Bingo
Activity
Puzzle Library
Sporcle Events
Private Events
Virtual Trivia
Globe League
Become a Host
Pub Owners
SporcleCon
Opinionation
Our Games
Videos
Blog
Mobile Apps
Partnerships
Remove Ads and Go Orange
Feedback
Music
Pop Music
The Beatles
Song
Album
Lyrics
Bands
Singers
Artist
Clip
Rock
Rap
Classical
Billboard
Country Music
Kpop
Taylor Swift
Music
Pop Music
The Beatles
Song
Album
Lyrics
Bands
Singers
Artist
Clip
Rock
Rap
Classical
Billboard
Country Music
Kpop
Taylor Swift
Random Quiz
Search Sporcle
×
Quiz Lab
Quiz Lab
Music
Rock
Type in answers that appear in a list
Type in answers that appear in a list
Classic
Best Score? Go Orange.
80s Indie Band by Album Stats
Can you name the Indie Band by Album?
By
AsthmaCat
8m
32 Questions
418 Plays
418 Plays
418 Plays
Comments
Comments
Give Quiz Kudos
Give Quiz Kudos
-
- Ratings
hide this ad
Replay
Link that replays current quiz
Next Quiz
Link to next quiz in quiz playlist
You Got
0%
They Got
Avg Score
48%
Avg Friend Score
Upgrade to see
Score Distribution
Jump to the score distribution portion of the page
Score
0/32
Timer
08:00
0
Plays Today
Album
Band
% Correct
Meat is Murder
The Smiths
92.6%
Surfer Rosa
Pixies
90.9%
Daydream Nation
Sonic Youth
88.5%
Bleach
Nirvana
87.1%
Pornography
The Cure
84.2%
Psychocandy
The Jesus and Mary Chain
80.6%
Murmur
R.E.M.
77.8%
Closer
Joy Division
73.7%
Bug
Dinosaur Jr
64.8%
Zen Arcade
Husker Du
64.4%
Ocean Rain
Echo & the Bunnymen
56.9%
Songs About F***ing
Big Black
53.6%
Let It Be
The Replacements
52.9%
Isn't Anything
My Bloody Valentine
52.6%
Damaged
Black Flag
50.2%
Double Nickels on the Dime
Minutemen
50%
Album
Band
% Correct
Superfuzz Bigmuff
Mudhoney
50%
Entertainment!
Gang of Four
47.8%
Locust Abortion Technician
Butthole Surfers
47.1%
This Nation's Saving Grace
The Fall
43.5%
Treasure
Cocteau Twins
40.9%
On Fire
Galaxie 500
30.1%
Vs.
Mission of Burma
29.2%
Junkyard
The Birthday Party
26.8%
Mask
Bauhaus
26.6%
Up on the Sun
Meat Puppets
26.3%
Filth
The Swans
18.4%
Gluey Porch Treatments
The Melvins
16.7%
Up For A Bit
The Pastels
12.9%
Throb Throb
Naked Raygun
7.2%
Soul Discharge
Boredoms
6.7%
Berserker
Scratch Acid
5%
Quiz Playlist
Details
Report
Send in Message
Add To Playlist
Classic:
Type in answers that appear in a list
Quiz Source
Last Updated: Feb 16, 2017
Quiz Scoreboard
CHALLENGE
Sign Up to Join the Scoreboard
Show All
Scores
Hide
Comments
May contain spoilers
Recently Published
Colored Red Africa Blitz
by spor1
Geography
30s
Find the 'City' Movie
by crazypaving
Movies
60s
5x2 Blitz: Bands
by SL_Kpop136
Music
30s
More to Explore
Quiz From the Vault
Featured Blog Post
14 Easter Pick-up Lines to Find Eggs With
hide this ad
You Might Also Like...
Tags
Rock Quiz
1980s
indie
Pixies Songs
Sonic Youth
Underground
Today's Top Quizzes in Music
Browse Music
hide this ad
Today's Top Quizzes in Rock
Browse Rock
Top Contributed Quizzes in Music
1
5X2 Blitz: Bands II
2
5X2 Blitz: The Beatles
3
Taylor Swift All Songs (2024)
4
5X2 Blitz: Billboard
5
Taylor Swift Logic Puzzle II
6
5X2 Blitz: Billboard II
7
Taylor Swift Logic Puzzle
8
5X2 Blitz: Rock
9
5X2 Blitz: Singers
10
5X2 Blitz: Album
Explore More
Trending Topics
Kpop
Anime
Disney
NBA
Crossword
Marvel
Harry Potter
Soccer
Song
The Office
Pokémon
Country
NFL
Puzzle
WWE
hide this ad
More By:
AsthmaCat
Quiz
Plays
Rating
Category
Featured
Created
80s Indie Band by Album
418
3.00
Music
Apr 17, 2011
U.S. Democratic Representatives
217
4.33
History
Apr 19, 2011
Go to Creator's Profile
Score Distribution
Quiz Creator Spotlight
AsthmaCat
Follow
Send a Message
Quizzes Created
-
Created Quiz Play Count
-
More By This Creator
Popular Quizzes Today
1
Colored Red Africa Blitz
2
Find the 'City' Movie
3
5x2 Blitz: Bands
4
Find the US States - No Outlines Minefield
5
The Countries of the World
6
Find the US States
7
US States
8
Find the Countries of Europe - No Outlines Minefield
More Music Quizzes
Taylor Swift: Cruel Summer (Lyrics)
Quiz Lab
Trending Quizzes
Colored Red Europe Blitz I
Colored Red Africa Blitz II
Colored Red Europe Blitz II
Colored Red Africa Blitz III
Colored Red Europe Blitz III
Recently Updated
How Do You Spell That?
pecheneg
Godzilla Movies
pecheneg
Grab Bag: 4-10 Letters
pecheneg
2024 March Madness Bracket
pecheneg
Famous TV Couples
Peacemaker
Champions League XIs: Real Madrid
pecheneg
Largest US Cities 1790-2010
pecheneg
Rides in Walt Disney World
pecheneg
Most Oscar Losses (Acting)
pecheneg
Beyoncé Albums
pecheneg
Trending Topics
Kpop
NBA
Disney
Marvel
Harry Potter
Crossword
Anime
Soccer
WWE
Pokémon
The Office
Puzzle
NFL
Song
Country
Your Account Isn't Verified!
In order to create a playlist on Sporcle, you need to verify the email address you used during registration. Go to your
Sporcle Settings
to finish the process.
Report this User
Report this user for behavior that violates our
Community Guidelines
.
Details:
Send Report
Go to the Sporcle.com Mobile Site →
Comments